| 000 | 01033 am a2200301 a 4500 | ||
|---|---|---|---|
| 005 | 20240625084124.0 | ||
| 008 | 100624s2003||||sp a f |||| 001 0 spa d | ||
| 020 | _a8420010081 | ||
| 041 | _aspa | ||
| 092 |
_c574.191 _l28 _sGLA |
||
| 100 | 1 |
_aGlaser, Roland. _91160 |
|
| 245 |
_aBiofísica / _cRoland Glaser. |
||
| 250 |
_a1a ed. en español de la edición original en inglés _bTraducción Félix Royo López y Félix M. Royo Longás. |
||
| 260 |
_aZaragoza [España]: _bEditorial Acribia; _c2003. |
||
| 300 | _a396 p. | ||
| 500 | _aGlaser, R. (2003). Biofísica. (1a ed.). Zaragoza [España] : Editorial Acribia. | ||
| 653 | _aNaturaleza y temática de la biofísica | ||
| 653 | _aEstructura molecular de los sistemas biológicos | ||
| 653 | _aEnergía y dinámica de los sistemas biológicos | ||
| 653 | _aFactores físicos del medio ambiente | ||
| 653 | _aCinética de los sistemas biológicos | ||
| 930 | _a1541 | ||
| 930 | _a1542 | ||
| 930 | _a1543 | ||
| 930 | _a1544 | ||
| 930 | _a1545 | ||
| 942 |
_2ddc _cBK |
||
| 999 |
_c420 _d420 |
||